000 00617nam a2200229Ia 4500
005 20260320201259.0
008 008 262003s9999 xx 000 0 eng d
037 _aEBOOK
040 _aCRL
040 _beng
040 _cCRL
041 _2eng
041 _aeng
084 _qCRL
100 _aDomingo
_9970639
245 0 _aSemiconductor Basics: A Qualitative, Non-mathematical Explanation of How Semiconductors Work and How They are Used
260 _bIEEE
856 _uhttps://ieeexplore.ieee.org/servlet/opac?bknumber=10523158
942 _cEBOOK
999 _c1720239
_d1720239